| 000 | 01663nam0a22003011 4500 | ||
|---|---|---|---|
| 001 | v19\rc\1767877 | ||
| 005 | 20250619120459.0 | ||
| 035 | _a(NLR Aleph) 004897132 | ||
| 090 |
_a5333942 _c5333942 |
||
| 100 | _a20061204d1903 |||y0rusy50 ca | ||
| 101 | 0 | _arus | |
| 102 | _aRU | ||
| 105 | _ay z ||||| | ||
| 200 | 1 |
_aАдресная книжка г.г. врачей, ветеринаров, дантистов, акушеров, лечебных заведений и аптек г. Москвы _fИ.Я. Самгин |
|
| 210 |
_aМосква _cтипо-лит. Н.И. Куманина _d1903 |
||
| 215 |
_a116 с. _d14 |
||
| 300 | _aИзд. также под загл.: "Адреса г.г. врачей ветеринаров, дантистов, акушерок, лечебных заведений и аптек г. Москвы" | ||
| 451 | 0 |
_12001#$aАдреса г.г. врачей ветеринаров, дантистов, акушерок, лечебных заведений и аптек г. Москвы _tАдреса г.г. врачей ветеринаров, дантистов, акушерок, лечебных заведений и аптек г. Москвы |
|
| 532 | 1 | 2 | _aАдресная книжка господ врачей, ветеринаров, дантистов, акушеров, лечебных заведений и аптек г. Москвы |
| 700 | 1 |
_aСамгин _bИ.Я. _gИван Яковлевич |
|
| 801 | 0 |
_aRU _bNLR _gpsbo |
|
| 801 | 0 |
_aRU _bRuMoRGB _2psbo |
|
| 801 | 1 |
_aRU _bProSoft-M _2rusmarc |
|
| 852 |
_aNLR _j38.62.9.2 |
||
| 899 |
_aRuMoRGB _jE 18/68 |
||
| 899 | _aБАН | ||
| 942 | _cBOOK | ||
| 980 | _aNB | ||